000 00434nam a22001697a 4500
003 OSt
005 20211103145827.0
008 211103b |||||||| |||| 00| 0 eng d
020 _a0333802462
040 _cHU
082 _a339.3
100 _aPATTERSON,KERRY
_916784
245 _aAN.INTRODUCTION.TO.APPLIED.ECONOMETRICS.ATIME.SERIES.APPROACH
260 _aLONDON
_bKERRY.PATTERSON
_c2000
300 _a795
942 _2ddc
_cBOOKS
_n0
999 _c16521
_d16521